Business communication: (Record no. 92203)

MARC details
000 -LEADER
fixed length control field 00784nam a22002537a 4500
005 - DATE AND TIME OF LATEST TRANSACTION
control field 20250128122828.0
010 ## - LCCN (DPL NO)
LC control number ENG-112359 ENG-135937 ENG-135938 ENG-143637
020 ## - INTERNATIONAL STANDARD BOOK NUMBER
International Standard Book Number 9789325981171
Terms of availability 425.00
020 ## - INTERNATIONAL STANDARD BOOK NUMBER
International Standard Book Number 9789325981171
Terms of availability 560.00
035 ## - SYSTEM CONTROL NUMBER
System control number EN-95891
035 ## - SYSTEM CONTROL NUMBER
System control number EN-119469
035 ## - SYSTEM CONTROL NUMBER
System control number EN-119470
035 ## - SYSTEM CONTROL NUMBER
System control number EN-127169
037 ## - SOURCE OF ACQUISITION
Source of stock number/acquisition DBAD
082 ## - DEWEY DECIMAL CLASSIFICATION NUMBER
Classification number 651.7
100 ## - MAIN ENTRY--PERSONAL NAME
Personal name Verma, Shalini
245 ## - TITLE STATEMENT
Title Business communication:
Remainder of title essential strategies for twenty-first-century managers/
Statement of responsibility, etc by Shalini Verma
250 ## - EDITION STATEMENT
Edition statement 2nd ed
260 ## - PUBLICATION, DISTRIBUTION, ETC. (IMPRINT)
Place of publication, distribution, etc Noida (UP)
Name of publisher, distributor, etc Vikas Publishing House
Date of publication, distribution, etc 2014, 2024
270 ## - ADDRESS
Address E-28, Sector-8,
City Noida
Postal code 201301
300 ## - PHYSICAL DESCRIPTION
Extent xxii,448p.
Dimensions 28cm(pbk)
500 ## - GENERAL NOTE
General note Includes index
942 ## - ADDED ENTRY ELEMENTS (KOHA)
Source of classification or shelving scheme Dewey Decimal Classification
Item type English Books
Call number suffix VER
Classification part 651.7
Holdings
Withdrawn status Lost status Not for loan Collection code Home library Current library Date acquired Source of acquisition Cost, normal purchase price Full call number Barcode Copy number Cost, replacement price Koha item type
    Not For Loan Non-fiction D.B.Act.Division D.B.Act.Division 11/03/2015 DBAD/PUB 425.00 651.7 VER EN-95891 1 425.00 English Books
    Not For Loan Non-fiction D.B.Act.Division D.B.Act.Division 26/12/2022 DBAD/PUB 425.00 651.7 VER EN-119470 1 425.00 English Books
      Non-fiction Diz Area Diz Area 26/12/2022 DBAD/PUB 425.00 651.7 VER EN-119469 1 425.00 English Books
      Non-fiction Mobile Library Mobile Library 28/01/2025 Delivery of Books Act Division 560.00 VER 651.7 EN-127169 1 560.00 English Books

© Delhi Public Library
Hit Counter
free hit counter